100 Biggest Cities (Updated 2025) - Statistics

General Stats
  • This quiz has been taken 88 times
  • The average score is 69 of 99
Answer Stats
Rank Population Answer % Correct
18. 18,800,000 Moscow
96%
3 41,200,000 Tokyo
96%
11. 22,800,000 Cairo
94%
4. 35,700,000 Delhi
94%
8. 25,400,000 Mexico City
94%
New York City
94%
Paris
94%
2. 41,600,000 Shanghai
94%
15. 21,500,000 Beijing
92%
28. 15,100,000 London
92%
13. (t) 21,800,000 Bangkok
90%
5. 29,500,000 Jakarta
90%
7. 27,600,000 Mumbai
90%
34. 13,600,000 Rio de Janeiro
90%
10. 23,100,000 Dhaka
88%
82. 6,700,000 Madrid
88%
26. 16,000,000 Istanbul
86%
39. 12,000,000 Lima
86%
21. 17,700,000 Osaka
86%
9. 25,200,000 Seoul
86%
45. 10,600,000 Bogota
84%
51. 9,600,000 Chicago
84%
1. 72,700,000 Guangzhou/Shenzhen
84%
69. (t) 7,500,000 Hong Kong
84%
16. 21,300,000 Lagos
84%
22. 17,100,000 Los Angeles
84%
6. 27,800,000 Manila
84%
56. 8,400,000 Santiago
84%
Tehran
84%
23. (t) 16,800,000 Buenos Aires
82%
Houston
82%
29. 14,800,000 Johannesburg
82%
17. 21,000,000 Karachi
82%
25. 16,300,000 Kinshasa
82%
12. 22,600,000 Sao Paulo
82%
78. 6,900,000 Nairobi
80%
85. 6,350,000 St. Petersburg
80%
Boston
78%
Dallas
78%
72. 7,350,000 Hanoi
78%
33. 14,300,000 Ho Chi Minh City
78%
Lahore
78%
48. 10,100,000 Taipei
78%
38. 12,600,000 Wuhan
78%
52. 9,550,000 Kuala Lumpur
76%
86. 6,300,000 Miami
76%
65. (t) 7,700,000 Riyadh
76%
62. 7,850,000 Toronto
76%
30. 14,700,000 Bengaluru
73%
94. 6,050,000 Dubai
73%
20. 17,900,000 Kolkata
73%
79. (t) 6,800,000 Accra
71%
87. 6,250,000 Alexandria
71%
36. (t) 12,900,000 Chennai
71%
Chongqing
71%
40. (t) 11,700,000 Hyderabad
71%
73. (t) 7,200,000 Khartoum
71%
Milan
71%
Singapore
71%
35. 13,400,000 Xi'An
71%
63. (t) 7,800,000 Baghdad
69%
55. 8,650,000 Washington, D.C.
69%
19. 18,100,000 Chengdu
67%
San Francisco
67%
49. 9,900,000 Ahmedabad
63%
Atlanta
63%
83. 6,650,000 Dar es Salaam
63%
95. (t) 5,950,000 Guadalajara
63%
50. 9,650,000 Luanda
63%
46. 10,500,000 Nagoya
63%
Tianjin
63%
60. (t) 8,000,000 Pune
61%
31. (t) 14,600,000 Hangzhou
59%
75. 7,050,000 Abidjan
57%
97. 5,750,000 Detroit
57%
Monterrey
57%
27. 15,400,000 Xiamen
57%
99. 5,650,000 Yangon
57%
Surabaya
55%
76. (t) 7,000,000 Bandung
53%
53. 9,500,000 Nanjing
53%
Surat
53%
Philadelphia
51%
100. 5,600,000 Rawalpindi/Islamabad
51%
88. (t) 6,150,000 Amman
49%
42. (t) 11,500,000 Changsha
47%
47. 10,300,000 Zhengzhou
47%
54. 8,800,000 Shenyang
43%
98. 5,700,000 Bamako
41%
Kunming
41%
Qingdao
41%
57. 8,200,000 Hefei
37%
68. 7,600,000 Ningbo
33%
93. 6,100,000 Manchester
31%
58. (t) 8,050,000 Shantou
31%
Wenzhou
27%
81. 6,750,000 Jinan
24%
84. 6,450,000 Shijiazhuang
24%
Taiyuan
12%
No matching quizzes found
Score Distribution
Percent of People with Each Score
Percentile by Number Answered
Your Score History
You have not taken this quiz